000 01281nam a2200313 i 4500
001 188872
003 SpMaBN
005 20250824054645.0
008 190219s1993 sp acf |||| |dspa d
020 _a84-00-07360-6
080 _a821.134.2-2.09"19"
100 1 _aNieva de la Paz, Pilar.
_9166384
245 1 0 _aAutoras dramáticas españolas entre 1918 y 1936
_b: (texto y representación) /
_cPilar Nieva de la Paz.
260 _aMadrid :
_bConsejo Superior de Investigaciones Científicas, Instituto de Filología,
_c1993.
300 _a407, [8] h. de lám. col. :
_bil. n. ;
_c24 cm.
490 1 _aBiblioteca de teatro
500 _aBasado en la tesis de la autora.
500 _aApéndices.
500 _aÍndices.
504 _aBibliografía: p. [375]-393.
650 7 _aTeatro español-
_xAutoras-
_xHistoria y crítica.
_9166385
710 2 _aInstituto de Filología (Consejo Superior de Investigaciones Científicas) (
_cMadrid)
_94944
830 0 0 _aBiblioteca de teatro (CSIC)
_9225735
852 _aES-MaACL
_jA-14373
_9196006
_bR.151704
_cDEPO1
_dOlim: N-7373
_hDonacion: Pilar Fernandez Vera
903 _aFernández Vera, Pilar,
_d1961-
_ednr
_949420
942 _2udc
_cMONOGRAFIA
999 _c188872
_d188872